书目信息 |
| 题名: |
可靠性原理与方法
|
|
| 作者: | 孙有朝 , 张永进 , 李龙彪 编著 | |
| 分册: | 上册 | |
| 出版信息: | 北京 科学出版社 2016.5 |
|
| 页数: | 245页 | |
| 开本: | 24cm | |
| 丛书名: | ||
| 单 册: | ||
| 中图分类: | O213.2 | |
| 科图分类: | ||
| 主题词: | 可靠性理论 | |
| 电子资源: | ||
| ISBN: | 978-7-03-048420-8 | |
| 000 | 01031nam0 2200265 450 | |
| 001 | 0400004820 | |
| 005 | 20171026151452.96 | |
| 010 | @a978-7-03-048420-8@dCNY60.00 | |
| 100 | @a20160826d2016 em y0chiy50 ea | |
| 101 | 0 | @achi |
| 102 | @aCN@b110000 | |
| 105 | @ay z 000yy | |
| 106 | @ar | |
| 200 | 1 | @a可靠性原理与方法@9ke kao xing yuan li yu fang fa@h上册@f孙有朝,张永进,李龙彪编著 |
| 210 | @a北京@c科学出版社@d2016.5 | |
| 215 | @a245页@d24cm | |
| 300 | @a信息化与工业化两化融合研究与应用 国家出版基金项目 | |
| 330 | @a本书在跟踪可靠性研究前沿的基础上,以航空、航天与民航为背景,结合数理统计与工程设计原理,系统地阐述了可靠性理论与工程应用方法。全书包括可靠性概论、可靠性统计原理、不可修系统可靠性模型、可修系统可靠性模型、复杂系统可靠性分析方法等内容。 | |
| 606 | 0 | @a可靠性理论 |
| 690 | @aO213.2@v5 | |
| 701 | 0 | @a孙有朝@9sun you chao@f(1965-)@4编著 |
| 701 | 0 | @a张永进@9zhang yong jin@4编著 |
| 701 | 0 | @a李龙彪@9li long biao@4编著 |
| 801 | 0 | @aCN@b91MARC@c20171025 |
| 905 | @b1039499-502@dO213.2@f4@e11:1 | |
| 可靠性原理与方法.上册/孙有朝,张永进,李龙彪编著.-北京:科学出版社,2016.5 |
| 245页;24cm |
| 信息化与工业化两化融合研究与应用 国家出版基金项目 |
| ISBN 978-7-03-048420-8:CNY60.00 |
| 本书在跟踪可靠性研究前沿的基础上,以航空、航天与民航为背景,结合数理统计与工程设计原理,系统地阐述了可靠性理论与工程应用方法。全书包括可靠性概论、可靠性统计原理、不可修系统可靠性模型、可修系统可靠性模型、复杂系统可靠性分析方法等内容。 |
| ● |
| 相关链接 |
|
|
|
|
正题名:可靠性原理与方法
索取号:O213.2/11:1
 
预约/预借
| 序号 | 登录号 | 条形码 | 馆藏地/架位号 | 状态 | 备注 |
| 1 | 1039499 | 210394991 | 第二样本阅览室/ [索取号:O213.2/11:1] | 在馆 | |
| 2 | 1039500 | 210395008 | 数信系资料室/ [索取号:O213.2/11:1] | 在馆 | |
| 3 | 1039501 | 210395017 | 第三借阅区/ [索取号:O213.2/11:1] | 在馆 | |
| 4 | 1039502 | 210395026 | 第三借阅区/ [索取号:O213.2/11:1] | 在馆 |